| 000 | 00890nam a22002537a 4500 | ||
|---|---|---|---|
| 008 | 081212t xxu||||| |||| 00| 0beng d | ||
| 010 | _aENG-98810 | ||
| 020 |
_c165.00 _a9788183333177 |
||
| 035 | _aEN-82342 | ||
| 037 | _bDBAD / PUB | ||
| 040 |
_adpl _bEnglish |
||
| 082 | _a346.5407 | ||
| 100 |
_93724 _aNadhani, Asok K. |
||
| 245 |
_aMercantile laws: _cby Asok K. Nadhani _bCA- common proficiency test (CPT) / |
||
| 260 |
_aNew Delhi _bBPB Publications _c2010 |
||
| 270 |
_aB-14, connaught Place, _bNew Delhi _e110001 |
||
| 300 |
_a352p. _c24cm (pbk) |
||
| 500 | _aIncludes index | ||
| 600 |
_aBaba Visakha Singh _xBiography. _93725 |
||
| 650 | _98393 | ||
| 700 | _98394 | ||
| 942 |
_2ddc _cEN _mNAD _h346.5407 |
||
| 999 |
_c40027 _d40027 |
||